L' abbazia di Northanger /

Збережено в:
Бібліографічні деталі
Автор: Austen, Jane
Інші автори: Banti, Anna, (1895-1985)
Формат: Книга
Мова:Італійська мова
Опубліковано: Firenze : Milano : Giunti ; Bompiani, 2018
Теги: Додати тег
Немає тегів, Будьте першим, хто поставить тег для цього запису!

MARC

LEADER 00000nam a22000007i 4500
001 IT\ICCU\UBO\4719802
003 ItRI
005 20260115232312.0
008 230705s2018 it |||||| ||||| |||||c
040 |b ita  |c importazione bologna sebina 
041 7 |a ita  |2 ISO-639-2 
100 1 |a Austen, Jane  |0 IT\ICCU\CFIV\017136 
240 1 0 |a Northanger Abbey  |3 IT\ICCU\PAV\1001848  |9 Austen, Jane 
245 1 3 |a L' abbazia di Northanger /  |c Jane Austen ; traduzione di Anna Banti. 
260 |a Firenze :  |b Giunti ;  |a Milano :  |b Bompiani,  |c 2018 
300 |a 285 p. ;  |c 22  
500 |a Edizione fuori commercio 
700 1 |a Banti, Anna,  |d  (1895-1985)  |0 IT\ICCU\CFIV\005425 
790 1 |a Longhi Lopresti, Lucia  |3 IT\ICCU\CFIV\005426  |z Banti, Anna (1895-1985) 
790 1 |a Lopresti, Lucia,  |d  (1895-1985)  |3 IT\ICCU\CFIV\253736  |z Banti, Anna (1895-1985) 
790 1 |a Osten, Dzejn  |3 IT\ICCU\RT1V\020459  |z Austen, Jane 
942 |2 ddc  |c BK  |n 0 
952 |0 0  |1 0  |4 0  |6 DOC_823_700000000000000_AUS  |7 0  |9 23840  |a BO  |b BO  |d 2026-01-15  |i 20145  |l 0  |o DOC 823.7 AUS  |p BO20145  |r 2026-01-15 23:23:12  |w 2026-01-15  |x [Sebina 5] [1 v.]  |y BK  |z 1 v. 
999 |c 20305  |d 20305